000 00483nam a2200133Ia 4500
008 231221s9999 xx 000 0 und d
020 _a978-1-84882-548-2
041 _aEnglish
100 _aWen Yu
245 0 _aRecent Advances in Intelligent Control Systems
260 _c2009
_bSpringer London
_aNew York
650 _aControl; Automotive Engineering; Industrial and Production Engineering; Artificial Intelligence (incl. Robotics); Control, Robotics, Mechatronics
942 _cEB
999 _c227383
_d227383